PRESENTE Y FUTURO DE EUROPA VISTOS POR UN NORTEAMERICANO /

TRADUCCION DE: THE TEMPER OF WESTERN EUROPE

Guardado en:
Detalles Bibliográficos
Autor principal: Brinton, Crane (autor)
Formato: Libro
Colección:VERDAD Y VIDA
Temas:
Etiquetas: Agrega una etiqueta
Sin etiquetas, Sé el primero en etiquetar este registro!

MARC

LEADER 00000nam^a2200000^a^4500
001 000243788
005 20250521000000.0
009 20260310105353.168
035 |a 065928 
037 |a Acervo Xavier Clavigero 
082 |a 940.  |b BRI 
100 |a Brinton, Crane  |e (autor) 
245 1 0 |a PRESENTE Y FUTURO DE EUROPA VISTOS POR UN NORTEAMERICANO /  |c CRANE BRINTON ; TR. JAIME BERENGUER AMENOS 
264 |a Barcelona, España :  |b Javier Vergara,  |c 1956 
300 |a 176 p. 
336 |a texto  |b txt  |2 rdacontenido 
337 |a sin mediación  |b n  |2 rdamedio 
338 |a volumen  |b nc  |2 rdasoporte 
440 |a VERDAD Y VIDA 
520 |a TRADUCCION DE: THE TEMPER OF WESTERN EUROPE 
649 |a XX 
650 |a Europa -  |x Historia 
910 |a Fondo General 
920 |a Impresos - Libros 
930 |a Colección General 
905 |a 101 
901 |a 065928  |b IT1  |c ACC  |i 065928  |u 20250521 
902 |a https://opac.biblio.iteso.mx/vufind/Record/000243788